000 00596nam a2200205Ia 4500
003 LK-CoDNM
005 20241202115315.0
008 010623t xxu||||| |||| 00| 1 sin d
040 _aLK-CoDNM
_dLK-CoDNM
_eLK-CoDNM
041 _asin
080 _a294.34
_bSUM
100 _aSumanaratna,A.
245 _aධර්‍ම විජය හෙවත් බෞද්ධ විනය වර්‍ධනය
246 _aDharma Vijaya Hewath Bauddha Vinaya Wardanaya
260 _aColombo
_bIndika printers
_c1978
300 _b78p. ; 21 cm
650 _a1978
650 _aBuddhism
942 _cBK
999 _c138849
_d138849